Responses for Show #7221 - Monday, January 25, 2016

Contestants

[<< previous game]

Adrien Schless-Meier, a philanthropist from Washington, D.C.

Steven Wolfe, a lifeguard from Laguna Hills, California

Fred Vaughn, an Internet operations technician from Mineral Point, Wisconsin (whose 1-day cash winnings total $16,000)

[next game >>]

Jeopardy! Round responses

BEE WORDS
ANNUAL EVENTS
BILLS, BILLS, BILLS
WHAT'D I SAY?
ON THIS CONTINENT
"AT" THE MOVIES
    $200 19
(Adrien: What are bee stings?)
(Fred: What is...)
(Alex: Aw...)
(Fred: What is bee balm?)

hives

FredStevenAdrien
    $200 11
Hannibal

Fred
    $200 10
an anchor

Fred
    $200 8
architecture

Fred
    $200 1
(Adrien: What is Asia?)

Africa

FredAdrien
    $200 4
Breakfast at Tiffany's

Fred
    $400 20
a colony

Steven
    $400 12
Highland Games

Fred
    $400 25
the Bill of Rights

Steven
    $400 5
communism

Adrien
    $400 2
South America

Steven
    $400 6
Fast Times at Ridgemont High

Steven
    $600 21
a sting

Fred
    $600 13
Telluride

Fred
    $600 26
a swordfish

Adrien
    $600 9
baseball

Steven
    $600 3
North America

Adrien
    $600 7
Night at the Museum

Adrien
    $800 29
a comb

Adrien
    $800 14
(Fred: Who is Austin?)

(Sam) Houston

FredAdrien
    $800 27
Wild Bill Hickok

Triple Stumper
    $800 22
prose

Fred
    $800 15
(Steven: What is Asia?)

Europe

FredSteven
    $800 16
(Steven: What is Showdown at the O.K. Corral?)
(Fred: What is Bad Day at Black Rock?)

Gunfight at the O.K. Corral

FredSteven
Triple Stumper
    $1000 30
a drone

Steven
    $1000 18
Minnesota

Fred
    $1000 28
lading

Steven
    $1,000 24
(Fred: Who is Grant?)
(Alex: No. Grant was the one who was all for action. [*] is the one who wasn't moving at all.)

George McClellan

Fred
    $1000 23
(Adrien: What is Australia?)
...
(Alex: It's in Russia.)

Asia

FredAdrien
    $1000 17
Wild at Heart

Fred

Scores at the first commercial break (after clue 15):

Fred Steven Adrien
$2,000 $600 $2,200

Scores at the end of the Jeopardy! Round:

Fred Steven Adrien
$4,400 $2,800 $2,400

Double Jeopardy! Round responses

SPELLING BEE WORDS
(Alex: We had BEE WORDS in round one. Now we have [*], and yes, indeed, you have to spell the important word in the response.)
TREATIES
GEOGRAPHICAL MUSIC GROUPS
WOMEN AUTHORS
LANGUAGES
INVENTIVE MINDS
    $400 1
C-A-L-E-N-D-A-R

Adrien
    $400 26
NATO

Steven
    $400 6
Chicago

Fred
    $400 20
Edith Wharton

Adrien
    $400 7
Russia

Adrien
    $400 21
the rearview mirror

Fred
    $800 2
B-L-I-T-H-E

Adrien
    $800 24
Antarctica

Fred
    $800 5
Berlin

Fred
    $800 17
Virginia Woolf

Adrien
    $800 11
French

Fred
    $800 22
matches

Steven
    $1200 3
(Fred: What is F-E-V-E-R?)
...
(Alex: And to save time, I will not spell it.)

P-N-E-U-M-O-N-I-A

Fred
Triple Stumper
    $1200 25
(Fred: Uh, what is the Geneva Convention?)
...
(Alex: At the end of World War I, [*]. We have less than a minute now, Fred.)

the Treaty of Versailles

Fred
Triple Stumper
    $1200 9
Boston

Fred
    $1200 16
Jackie Collins

Fred
    $4,000 13
Cantonese

Fred
    $1200 23
television

Steven
    $1600 4
(Steven: What is A-P-O-C-A-L-Y-S-E?)

A-P-O-C-A-L-Y-P-S-E

FredSteven
    $1600 27
(Fred: Who is Khrushchev?)

Leonid Brezhnev

Fred
Triple Stumper
    $1600 10
Nazareth

Fred
    $3,600 18
Mississippi

Adrien
    $1600 14
(Adrien: What is Austria?)

Slovakia

StevenAdrien
    $1600 29
[The end-of-round signal sounds.]

Otis

Fred
    $2000 8
C-R-O-I-S-S-A-N-T

Steven
    $2000 28
the Opium War

Triple Stumper
    $2000 12
Florida Georgia Line

Fred
    $2000 19
Styles

Triple Stumper
    $2000 15
Catalan

Adrien

Scores at the end of the Double Jeopardy! Round:

Fred Steven Adrien
$16,800 $7,200 $9,200

[wagering suggestions for these scores]

Final Jeopardy! Round responses

FICTIONAL COUPLES
StevenWho are ____
$7,200
AdrienWho are Archie + Veronica
$9,200
FredWho are Dagwood + Blondie?
$3,500
Dagwood & Blondie

Final scores:

Fred Steven Adrien
$20,300 $0 $0
2-day champion: $36,300 3rd place: $1,000 2nd place: $2,000

Game dynamics:

Coryat scores:

Fred Steven Adrien
$15,000 $7,200 $7,200
25 R
(including 1 DD),
7 W
(including 1 DD)
13 R,
3 W
13 R
(including 1 DD),
4 W

Combined Coryat: $29,400

[game clues] [game scores] [suggest correction]

Game tape date: 2015-12-15
The J! Archive is created by fans, for fans. Scraping, republication, monetization, and malicious use prohibited; this site may use cookies and collect identifying information. See terms. The Jeopardy! game show and all elements thereof, including but not limited to copyright and trademark thereto, are the property of Jeopardy Productions, Inc. and are protected under law. This website is not affiliated with, sponsored by, or operated by Jeopardy Productions, Inc. Join the discussion at JBoard.tv.